日本の市町村1999 #9(九州北部) - Statistics

General Stats
  • This quiz has been taken 81 times
  • The average score is 122 of 283
Answer Stats
都道府県 郡名 市町村名 % Correct
福岡県 福岡市
94%
福岡県 北九州市
88%
佐賀県 佐賀市
82%
佐賀県 伊万里市
82%
長崎県 長崎市
82%
長崎県 佐世保市
82%
長崎県 島原市
82%
福岡県 筑紫野市
79%
福岡県 柳川市
79%
長崎県 諫早市
79%
大分県 大分市
79%
福岡県 太宰府市
76%
福岡県 久留米市
73%
福岡県 宗像市
73%
福岡県 田川市
73%
長崎県 大村市
73%
大分県 別府市
73%
福岡県 大牟田市
70%
福岡県 春日市
70%
福岡県 八女市
70%
福岡県 糟屋郡 宇美町
70%
佐賀県 西松浦郡 有田町
70%
長崎県 松浦市
70%
福岡県 大野城市
67%
福岡県 飯塚市
67%
福岡県 小郡市
67%
福岡県 大川市
67%
福岡県 糟屋郡 志免町
67%
福岡県 糟屋郡 粕屋町
67%
佐賀県 鳥栖市
67%
福岡県 行橋市
64%
福岡県 前原市
64%
福岡県 古賀市
64%
福岡県 朝倉郡 朝倉町
64%
福岡県 遠賀郡 水巻町
64%
福岡県 遠賀郡 遠賀町
64%
福岡県 京都郡 苅田町
64%
佐賀県 唐津市
64%
福岡県 直方市
61%
福岡県 筑後市
61%
福岡県 中間市
61%
福岡県 筑紫郡 那珂川町
61%
福岡県 宗像郡 福間町
61%
福岡県 遠賀郡 芦屋町
61%
佐賀県 武雄市
61%
佐賀県 鹿島市
61%
佐賀県 三養基郡 基山町
61%
佐賀県 杵島郡 白石町
61%
長崎県 西彼杵郡 時津町
61%
大分県 中津市
61%
福岡県 甘木市
58%
福岡県 山田市
58%
福岡県 糟屋郡 篠栗町
58%
福岡県 田川郡 赤村
58%
福岡県 浮羽郡 浮羽町
58%
佐賀県 多久市
58%
佐賀県 小城郡 小城町
58%
長崎県 平戸市
58%
長崎県 西彼杵郡 長与町
58%
長崎県 東彼杵郡 東彼杵町
58%
長崎県 南高来郡 国見町
58%
長崎県 下県郡 厳原町
58%
大分県 佐伯市
58%
大分県 日田市
58%
大分県 宇佐市
58%
大分県 豊後高田市
58%
大分県 津久見市
58%
大分県 速見郡 日出町
58%
大分県 東国東郡 国見町
58%
福岡県 糟屋郡 須恵町
55%
福岡県 糟屋郡 新宮町
55%
福岡県 宗像郡 津屋崎町
55%
福岡県 宗像郡 玄海町
55%
福岡県 鞍手郡 鞍手町
55%
福岡県 遠賀郡 岡垣町
55%
福岡県 田川郡 添田町
55%
福岡県 浮羽郡 吉井町
55%
佐賀県 神埼郡 神埼町
55%
佐賀県 藤津郡 嬉野町
55%
佐賀県 藤津郡 太良町
55%
佐賀県 東松浦郡 玄海町
55%
長崎県 福江市
55%
長崎県 西彼杵郡 西海町
55%
長崎県 北松浦郡 佐々町
55%
長崎県 北松浦郡 吉井町
55%
大分県 臼杵市
55%
大分県 竹田市
55%
福岡県 豊前市
52%
福岡県 糟屋郡 久山町
52%
福岡県 鞍手郡 宮田町
52%
福岡県 田川郡 川崎町
52%
福岡県 田川郡 香春町
52%
福岡県 田川郡 糸田町
52%
福岡県 築上郡 吉富町
52%
福岡県 三井郡 大刀洗町
52%
佐賀県 杵島郡 有明町
52%
佐賀県 杵島郡 大町町
52%
長崎県 東彼杵郡 川棚町
52%
長崎県 東彼杵郡 波佐見町
52%
長崎県 南高来郡 有明町
52%
長崎県 上県郡 上対馬町
52%
大分県 大野郡 大野町
52%
福岡県 朝倉郡 宝珠山村
48%
福岡県 糸島郡 志摩町
48%
福岡県 嘉穂郡 桂川町
48%
福岡県 嘉穂郡 嘉穂町
48%
福岡県 田川郡 大任町
48%
佐賀県 杵島郡 江北町
48%
長崎県 南高来郡 有家町
48%
長崎県 北松浦郡 田平町
48%
長崎県 北松浦郡 小値賀町
48%
大分県 杵築市
48%
大分県 大分郡 湯布院町
48%
大分県 東国東郡 国東町
48%
福岡県 糸島郡 二丈町
45%
福岡県 宗像郡 大島村
45%
福岡県 鞍手郡 若宮町
45%
福岡県 築上郡 築城町
45%
福岡県 八女郡 広川町
45%
福岡県 浮羽郡 田主丸町
45%
福岡県 山門郡 瀬高町
45%
佐賀県 西松浦郡 西有田町
45%
長崎県 南高来郡 小浜町
45%
長崎県 南高来郡 加津佐町
45%
長崎県 南高来郡 愛野町
45%
長崎県 北松浦郡 小佐々町
45%
長崎県 北松浦郡 大島村
45%
長崎県 壱岐郡 郷ノ浦町
45%
大分県 北海部郡 佐賀関町
45%
大分県 玖珠郡 玖珠町
45%
大分県 玖珠郡 九重町
45%
大分県 直入郡 直入町
45%
福岡県 田川郡 金田町
42%
福岡県 築上郡 新吉富村
42%
福岡県 三潴郡 三潴町
42%
福岡県 三潴郡 大木町
42%
佐賀県 神埼郡 脊振村
42%
長崎県 西彼杵郡 大島町
42%
長崎県 北高来郡 高来町
42%
長崎県 南高来郡 西有家町
42%
長崎県 北松浦郡 福島町
42%
長崎県 南松浦郡 上五島町
42%
大分県 東国東郡 姫島村
42%
大分県 下毛郡 本耶馬渓町
42%
大分県 下毛郡 耶馬渓町
42%
大分県 直入郡 荻町
42%
福岡県 田川郡 赤池町
39%
福岡県 八女郡 黒木町
39%
福岡県 山門郡 大和町
39%
佐賀県 佐賀郡 大和町
39%
佐賀県 佐賀郡 川副町
39%
佐賀県 神埼郡 東脊振村
39%
佐賀県 東松浦郡 呼子町
39%
長崎県 西彼杵郡 西彼町
39%
長崎県 南高来郡 深江町
39%
長崎県 南高来郡 口之津町
39%
長崎県 上県郡 上県町
39%
大分県 宇佐郡 安心院町
39%
福岡県 朝倉郡 夜須町
36%
福岡県 朝倉郡 杷木町
36%
福岡県 朝倉郡 小石原村
36%
福岡県 鞍手郡 小竹町
36%
福岡県 京都郡 勝山町
36%
福岡県 築上郡 椎田町
36%
福岡県 三井郡 北野町
36%
福岡県 三潴郡 城島町
36%
福岡県 八女郡 矢部村
36%
佐賀県 神埼郡 三田川町
36%
佐賀県 三養基郡 上峰町
36%
長崎県 西彼杵郡 高島町
36%
長崎県 南高来郡 北有馬町
36%
長崎県 南高来郡 布津町
36%
長崎県 南高来郡 南有馬町
36%
長崎県 南高来郡 南串山町
36%
長崎県 北松浦郡 鷹島町
36%
大分県 東国東郡 安岐町
36%
大分県 日田郡 中津江村
36%
大分県 大野郡 三重町
36%
大分県 大野郡 犬飼町
36%
福岡県 嘉穂郡 穂波町
33%
福岡県 京都郡 犀川町
33%
福岡県 築上郡 大平村
33%
福岡県 山門郡 山川町
33%
佐賀県 小城郡 三日月町
33%
佐賀県 藤津郡 塩田町
33%
佐賀県 東松浦郡 浜玉町
33%
佐賀県 東松浦郡 厳木町
33%
長崎県 南高来郡 吾妻町
33%
長崎県 南高来郡 千々石町
33%
大分県 大分郡 野津原町
33%
大分県 速見郡 山香町
33%
大分県 日田郡 上津江村
33%
大分県 直入郡 久住町
33%
福岡県 嘉穂郡 庄内町
30%
福岡県 嘉穂郡 碓井町
30%
福岡県 田川郡 方城町
30%
福岡県 八女郡 星野村
30%
福岡県 三池郡 高田町
30%
佐賀県 佐賀郡 富士町
30%
佐賀県 佐賀郡 久保田町
30%
長崎県 西彼杵郡 琴海町
30%
長崎県 西彼杵郡 外海町
30%
長崎県 北松浦郡 宇久町
30%
長崎県 南松浦郡 新魚目町
30%
長崎県 上県郡 峰町
30%
大分県 大分郡 庄内町
30%
大分県 大分郡 挾間町
30%
大分県 南海部郡 米水津村
30%
大分県 西国東郡 香々地町
30%
大分県 日田郡 前津江村
30%
大分県 大野郡 野津町
30%
福岡県 嘉穂郡 筑穂町
27%
福岡県 嘉穂郡 稲築町
27%
福岡県 八女郡 上陽町
27%
福岡県 山門郡 三橋町
27%
佐賀県 佐賀郡 諸富町
27%
佐賀県 小城郡 牛津町
27%
佐賀県 杵島郡 福富町
27%
佐賀県 東松浦郡 鎮西町
27%
長崎県 西彼杵郡 野母崎町
27%
長崎県 西彼杵郡 香焼町
27%
長崎県 西彼杵郡 伊王島町
27%
長崎県 北高来郡 小長井町
27%
長崎県 北松浦郡 鹿町町
27%
長崎県 南松浦郡 若松町
27%
長崎県 壱岐郡 芦辺町
27%
長崎県 壱岐郡 石田町
27%
長崎県 下県郡 美津島町
27%
大分県 南海部郡 蒲江町
27%
大分県 東国東郡 武蔵町
27%
大分県 下毛郡 山国町
27%
大分県 日田郡 天瀬町
27%
福岡県 朝倉郡 三輪町
24%
福岡県 嘉穂郡 頴田町
24%
福岡県 京都郡 豊津町
24%
佐賀県 神埼郡 千代田町
24%
佐賀県 杵島郡 北方町
24%
佐賀県 東松浦郡 相知町
24%
佐賀県 東松浦郡 七山村
24%
長崎県 西彼杵郡 多良見町
24%
長崎県 北松浦郡 生月町
24%
長崎県 北松浦郡 江迎町
24%
長崎県 南松浦郡 三井楽町
24%
長崎県 南松浦郡 奈留町
24%
大分県 南海部郡 鶴見町
24%
大分県 南海部郡 宇目町
24%
大分県 西国東郡 真玉町
24%
大分県 西国東郡 大田村
24%
大分県 下毛郡 三光村
24%
福岡県 八女郡 立花町
21%
佐賀県 佐賀郡 東与賀町
21%
佐賀県 神埼郡 三瀬村
21%
佐賀県 三養基郡 中原町
21%
佐賀県 三養基郡 三根町
21%
佐賀県 杵島郡 山内町
21%
佐賀県 東松浦郡 北波多村
21%
長崎県 西彼杵郡 大瀬戸町
21%
長崎県 西彼杵郡 崎戸町
21%
長崎県 南高来郡 瑞穂町
21%
長崎県 南松浦郡 有川町
21%
大分県 南海部郡 上浦町
21%
大分県 南海部郡 直川村
21%
大分県 宇佐郡 院内町
21%
大分県 日田郡 大山町
21%
大分県 大野郡 清川村
21%
佐賀県 三養基郡 北茂安町
18%
佐賀県 小城郡 芦刈町
18%
長崎県 南松浦郡 岐宿町
18%
長崎県 壱岐郡 勝本町
18%
大分県 南海部郡 弥生町
18%
大分県 大野郡 朝地町
18%
佐賀県 東松浦郡 肥前町
15%
長崎県 北高来郡 森山町
15%
長崎県 北松浦郡 世知原町
15%
長崎県 南松浦郡 富江町
15%
長崎県 南松浦郡 奈良尾町
15%
大分県 南海部郡 本匠村
15%
大分県 大野郡 緒方町
15%
長崎県 西彼杵郡 三和町
12%
長崎県 北高来郡 飯盛町
12%
長崎県 下県郡 豊玉町
12%
大分県 大野郡 千歳村
12%
長崎県 南松浦郡 玉之浦町
6%
No matching quizzes found
Score Distribution
Percent of People with Each Score
Percentile by Number Answered
Your Score History
You have not taken this quiz